000 01195nam0a22003131 4500
001 rc\2995449
005 20250806211610.0
035 _a(NLR Aleph) 007139210
090 _a69660
_c69660
100 _a20110916d1944 u y0rusy50 ca
101 0 _arus
102 _aRU
105 _aa z |||||
200 1 _aРазведение рыбы и водоплавающей птицы
_fС.М. Дорохов, А.А. Жеглов, С.И. Сметнев
_gПод ред. акад. Е.Ф. Лискуна
205 _a2-е изд., доп.
210 _aМосква
_cСельхозгиз
_d1944
_gтип. "Кр. пролетарий"
215 _a191 с.
_cил.
_d16 см
225 1 _aБиблиотечка колхозного животновода
700 1 _aДорохов
_bС.М.
_gСемен Митрофанович
701 1 _aЖеглов
_bА.А.
701 1 _aСметнев
_bС.И.
_gСергей Иванович
702 1 _aЛискун
_bЕ.Ф.
_4340
801 0 _aRU
_bNLR
_gpsbo
801 1 _aRU
_bELAR
_2rusmarc
852 _aNLR
_bС
_j90 Г-1/30
942 _cBOOK
945 _aРоссийская национальная библиотека
980 _aNB
980 _aBV